[Event "AUTO-OPEN-2594"]
[Site "http://www.queenalice.com/game.php?id=1108346"]
[Date "2012.10.1"]
[Round "2"]
[White "Caronte"]
[Black "cheleazul"]
[Result "1-0"]
[WhiteElo "2703"]
[BlackElo "2320"]

1. e4 e5 2. Nf3 Nc6 3. d4 exd4 4. Nxd4 Nf6 5. Nxc6 bxc6 6. e5 Qe7 7. Qe2 Nd5 8.
c4 Ba6 9. Nd2 Nb6 10. b3 O-O-O 11. Bb2 d6 12. O-O-O d5 13. Qe3 h6 14. f4 Qc5 15.
Qxc5 Bxc5 16. f5 Rhe8 17. cxd5 Bb7 18. e6 cxd5 19. Bb5 c6 20. Bd3 fxe6 21. fxe6
Kb8 22. Rhe1 Bc8 23. Bxg7 Rxe6 24. Rxe6 Bxe6 25. Bxh6 Nd7 26. Re1 Ba3+ 27. Kc2
Nc5 28. Nf3 Rg8 29. g3 Bg4 30. Ne5 Bc8 31. Bc1 Bxc1 32. Rxc1 Kb7 33. Kd2 Nxd3
34. Kxd3 Rh8 35. h4 Rg8 36. Kd4 Rxg3 37. Rxc6 1-0

[Event "AUTO-OPEN-2594"]
[Site "http://www.queenalice.com/game.php?id=1108347"]
[Date "2012.10.1"]
[Round "2"]
[White "cheleazul"]
[Black "sical"]
[Result "0-1"]
[WhiteElo "2327"]
[BlackElo "2480"]

1. d4 Nf6 2. Nf3 g6 3. Bf4 Bg7 4. e3 O-O 5. h3 d6 6. Nc3 a6 7. Be2 b5 8. Bg5 h6
9. Bxf6 Bxf6 10. a4 bxa4 11. Qd2 Nd7 12. O-O Bb7 13. Rxa4 c5 14. Rfa1 Qb6 15.
Bc4 Bxf3 16. gxf3 cxd4 17. exd4 Bxd4 18. Bd5 Bxc3 19. bxc3 Kg7 20. Bxa8 Rxa8 21.
Qd5 Ra7 22. Qd4+ Kg8 23. Qxb6 Nxb6 24. Rxa6 Rxa6 25. Rxa6 Nc4 26. Kg2 d5 0-1

[Event "AUTO-OPEN-2594"]
[Site "http://www.queenalice.com/game.php?id=1108348"]
[Date "2012.10.1"]
[Round "2"]
[White "sical"]
[Black "cheleazul"]
[Result "1-0"]
[WhiteElo "2483"]
[BlackElo "2254"]

1. e4 e5 2. Nf3 Nc6 3. Bb5 a6 4. Ba4 Nf6 5. O-O Be7 6. d4 O-O 7. d5 Na5 8. c3 d6
9. Qd3 b5 10. Bc2 c6 11. dxc6 Be6 12. Rd1 h6 13. Nbd2 Nxc6 14. a4 Qb6 15. Bb3
Rfc8 16. Bxe6 fxe6 17. axb5 axb5 18. Rxa8 Rxa8 19. Nb3 Ra2 20. Re1 Qa6 21. Nbd2
b4 22. c4 Na5 23. Rd1 Nd7 24. Qe2 Nc5 25. Ne1 Nab3 26. Nxb3 Nxb3 27. Qg4 Kf7 28.
Qf3+ Bf6 29. Qxb3 Ra1 30. Qxb4 Bg5 31. Rxd6 1-0

[Event "AUTO-OPEN-2594"]
[Site "http://www.queenalice.com/game.php?id=1108349"]
[Date "2012.10.1"]
[Round "2"]
[White "cheleazul"]
[Black "chein"]
[Result "0-1"]
[WhiteElo "2155"]
[BlackElo "2419"]

1. d4 Nf6 2. Nf3 g6 3. Bf4 Bg7 4. e3 O-O 5. h3 c5 6. c3 d6 7. Be2 Qb6 8. O-O
Qxb2 9. Nbd2 Bf5 10. Nc4 Qc2 11. g4 Qxd1 12. Raxd1 Be6 13. dxc5 Ne4 14. cxd6
Nxc3 15. Bd3 Nxd1 16. Rxd1 exd6 17. Bxd6 Rd8 18. e4 b5 19. Bc7 Rc8 20. Ne3 Rxc7
21. Bxb5 a6 22. Ba4 Bd7 23. Bb3 Nc6 24. Ng5 Be8 25. Nd5 Rb7 26. Ne3 Rd8 27. Nd5
Nd4 0-1

[Event "AUTO-OPEN-2594"]
[Site "http://www.queenalice.com/game.php?id=1108350"]
[Date "2012.10.1"]
[Round "2"]
[White "chein"]
[Black "cheleazul"]
[Result "1-0"]
[WhiteElo "2416"]
[BlackElo "2159"]

1. e4 e5 2. Nf3 Nc6 3. Bc4 Bc5 4. c3 Nf6 5. d4 exd4 6. cxd4 Bb4+ 7. Nbd2 d5 8.
exd5 Nxd5 9. a3 Be7 10. O-O O-O 11. Re1 Re8 12. Qc2 Be6 13. Ne4 Bf5 14. Bd2 Bf8
15. h3 Bg6 16. Bd3 Nb6 17. Be3 Nd5 18. Bd2 Nb6 19. Bc3 Qd5 20. Rad1 Rad8 21. Ne5
Bh5 22. Ng4 Kh8 23. Nef6 Rxe1+ 24. Rxe1 Nxd4 25. Qd2 Nb3 26. Qe3 gxf6 27. Bxf6+
Kg8 28. Nh6+ Bxh6 29. Qxh6 1-0

[Event "AUTO-ADV-2395"]
[Site "http://www.queenalice.com/game.php?id=1123213"]
[Date "2012.11.17"]
[Round "2"]
[White "gitano"]
[Black "cheleazul"]
[Result "1-0"]
[WhiteElo "1688"]
[BlackElo "2151"]

1. e4 e5 2. Bc4 Nf6 3. Qf3 c6 4. d3 d5 5. Bb3 a5 6. Bg5 a4 7. Bxa4 Qa5+ 8. Nc3
d4 9. Bxf6 dxc3 10. b3 gxf6 11. Qxf6 Rg8 12. Nf3 Nd7 13. Qf5 b5 14. Ng5 Rg7 15.
O-O bxa4 16. bxa4 Be7 17. Nf3 Qxa4 18. Qh5 Nf6 19. Qh6 Rg6 20. Qh4 1-0

[Event "AUTO-ADV-2395"]
[Site "http://www.queenalice.com/game.php?id=1123214"]
[Date "2012.11.17"]
[Round "2"]
[White "cheleazul"]
[Black "gitano"]
[Result "0-1"]
[WhiteElo "2128"]
[BlackElo "1718"]

1. d4 d6 2. Nf3 f6 3. e4 e5 4. Be3 Nc6 5. Nc3 Bg4 6. d5 Nb4 7. Bb5+ c6 8. Ba4 b5
9. Bb3 a5 10. dxc6 Nxc6 11. Qd5 Nge7 12. Qf7+ Kd7 13. Nxb5 a4 14. Rd1 Qb8 15.
Rxd6+ Qxd6 16. Nxd6 Kxd6 17. Bd5 h5 18. O-O Rc8 0-1

[Event "AUTO-ADV-2395"]
[Site "http://www.queenalice.com/game.php?id=1123217"]
[Date "2012.11.17"]
[Round "2"]
[White "cheleazul"]
[Black "Railton"]
[Result "0-1"]
[WhiteElo "2242"]
[BlackElo "1761"]

1. d4 d5 2. Nf3 Nc6 3. Bf4 e6 4. e3 a6 5. c3 Bd6 6. Bd3 Bxf4 7. exf4 f5 8. Qe2
h6 9. Bxf5 Qf6 10. Bh3 Nge7 11. g3 O-O 12. Nbd2 Nf5 13. O-O Bd7 14. Nb3 b6 15.
Rfe1 a5 16. a4 Rfe8 17. Qd1 Re7 18. Nc1 Rae8 19. Bg4 Nd8 20. Ne5 Nc6 21. Ncd3
Nd6 22. Nxd7 Rxd7 23. Ne5 Nxe5 24. fxe5 Qf8 25. exd6 Rxd6 26. Re5 Qf6 27. Qe2
Qf7 28. Re1 g6 0-1

[Event "AUTO-ADV-2395"]
[Site "http://www.queenalice.com/game.php?id=1123218"]
[Date "2012.11.17"]
[Round "2"]
[White "Railton"]
[Black "cheleazul"]
[Result "1-0"]
[WhiteElo "1791"]
[BlackElo "2219"]

1. d4 Nf6 2. Nc3 e6 3. e4 Bb4 4. Ne2 Nxe4 5. Bd2 Nxd2 6. Qxd2 O-O 7. a3 Be7 8.
g3 d5 9. Bg2 Bd7 10. O-O c5 11. Nf4 cxd4 12. Qxd4 Nc6 13. Qd2 Bc5 14. Nd3 Bd6
15. Ne2 Rc8 16. c3 Na5 17. Ndc1 Ba4 18. f4 Nc4 19. Qe1 Nxb2 20. Kh1 Nc4 21. Nd3
Qb6 22. Rb1 Qe3 23. Ne5 Bxe5 24. fxe5 Nd2 25. Rb4 Nxf1 26. Bxf1 Bc6 27. Bg2 a5
28. Rg4 Qxe5 29. Qd2 1-0

[Event "AUTO-ADV-2396"]
[Site "http://www.queenalice.com/game.php?id=1133987"]
[Date "2012.12.24"]
[Round "2"]
[White "cheleazul"]
[Black "Baruch"]
[Result "0-1"]
[WhiteElo "2196"]
[BlackElo "1961"]

1. e4 d6 2. d4 e5 3. Nf3 Nf6 4. dxe5 dxe5 5. Qxd8+ Kxd8 6. Nxe5 Be6 7. Nc3 Nbd7
8. Nxd7 Nxd7 9. Be2 Bc5 10. Bf4 c6 11. O-O Ke7 12. Rad1 Rad8 13. a3 Rhe8 14. Na4
Kf8 15. Nxc5 Nxc5 0-1

[Event "AUTO-ADV-2396"]
[Site "http://www.queenalice.com/game.php?id=1133988"]
[Date "2012.12.24"]
[Round "2"]
[White "Baruch"]
[Black "cheleazul"]
[Result "1-0"]
[WhiteElo "1986"]
[BlackElo "2177"]

1. d4 Nf6 2. Nc3 d5 3. Nf3 Bf5 4. e3 Ne4 5. Bd3 e6 6. O-O Nd7 7. Ne5 Nxe5 8.
Bxe4 dxe4 9. dxe5 c6 10. f4 Qxd1 11. Rxd1 Be7 12. Ne2 Bg4 13. Re1 Rd8 14. Nc3
Bb4 15. a3 1-0

[Event "AUTO-ADV-2396"]
[Site "http://www.queenalice.com/game.php?id=1133990"]
[Date "2012.12.24"]
[Round "2"]
[White "cardosorafael"]
[Black "cheleazul"]
[Result "1-0"]
[WhiteElo "1930"]
[BlackElo "2105"]

1. e4 c5 2. Nf3 d6 3. d4 cxd4 4. Nxd4 Nf6 5. Nc3 a6 6. Be2 e6 7. O-O Be7 8. b3
Qc7 9. Bb2 Nbd7 10. Re1 b5 11. a3 Bb7 12. Bf3 O-O 13. g3 Ne5 14. Bg2 Rfe8 15.
Rc1 Rac8 16. Qd2 1-0